2002 FIFA World Cup Team Logos - Statistics

General Stats
  • This quiz has been taken 87 times
  • The average score is 28 of 32
Answer Stats
Picture Answer % Correct
Argentina
100%
Belgium
100%
England
100%
Germany
100%
Italy
100%
Turkey
100%
Croatia
99%
France
99%
Portugal
99%
Spain
99%
Sweden
99%
Brazil
97%
Ireland
96%
Mexico
96%
Cameroon
95%
Uruguay
95%
United States
94%
Ecuador
88%
Poland
88%
Russia
87%
Saudi Arabia
87%
Tunisia
86%
Senegal
83%
Denmark
81%
Costa Rica
77%
South Africa
75%
South Korea
74%
Japan
71%
Paraguay
71%
China
70%
Nigeria
68%
Slovenia
36%
No matching quizzes found
Score Distribution
Percent of People with Each Score
Percentile by Number Answered
Your Score History
You have not taken this quiz